Selena Gomez - Paroles Come & Get It - Statistiques

Statistiques générales
  • Ce quiz a été pris 35 fois
  • Le résultat moyen est 385 sur 449
Statistiques - réponses
Hint Réponse % Correct
an
100%
and
100%
And
100%
come
100%
get
100%
I
100%
it
100%
it,
100%
Na
100%
na
100%
Couplet 1 | Couplet 2 You
100%
you
100%
you,
100%
Refrain When
97%
love
93%
yeah)
90%
Yeah
90%
yeah,
90%
your
90%
me
86%
ready
86%
ready,
86%
you're
86%
be
83%
the
83%
no
79%
So
79%
so
79%
this
79%
This
79%
to
79%
got
76%
not
72%
too
72%
too,
72%
will
72%
I'm
69%
(I'm
69%
lie
69%
lie,
69%
shy
69%
that
69%
that,
69%
All
66%
all
66%
baby,
66%
baby
66%
I'll
66%
know
66%
know,
66%
much
66%
for
62%
because
59%
Because
59%
But
59%
day,
59%
death
59%
let
59%
(let
59%
night,
59%
of
59%
regrets
59%
ain't
55%
finished
55%
life,
55%
show
55%
yet
55%
waitin'
52%
whenever
52%
Can't
48%
it's
48%
right
48%
stop
48%
want,
48%
yours,
48%
here,
45%
kind
45%
patient
45%
take
45%
way
45%
addicted
41%
addicted,
41%
invitation
41%
real
41%
die
38%
gotta
38%
hate
38%
sittin'
38%
standby
38%
worry,
38%
Gon'
34%
happily
34%
hide
34%
if
34%
open
34%
backs
31%
maybe
31%
side
31%
Even
28%
Forever
24%
gonna
24%
leaving
24%
mine,
24%
once
21%
knock
17%
Aucun quiz correspondant
Distribution des résultats
% des personnes avec chaque résultat
Percentile par nombre de réponses
Votre historique - résultats
Vous n’avez pas pris ce quiz